Fashion Trivia Quiz - Statistics

General Stats
  • This quiz has been taken 412 times
  • The average score is 9 of 14
Answer Stats
Hint Answer % Correct
Fill in the blank: The Devil Wears _____ Prada
100%
Name any of the 4 fashion capitals. New York, Milan, Paris, London
99%
Which major female French designer had a romantic affair with a Nazi agent? Coco Chanel
79%
What annual red-carpet & fundraiser held in New York is known as "fashion's biggest night" and attracts many celebrities? Met Gala
79%
Who is the head of Vogue Magazine and sports an iconic bob? Anna Wintour
74%
Which brand is known for their "Red Bottom Heels" worn by celebrities such as Cardi B? Christian Louboutin
72%
Which British-French actress and singer was the namesake for Hèrmes' most famous handbag? Jane Birkin
67%
Which Italian fashion designer was shot dead on the steps of his Miami Beach mansion? Gianni Versace
64%
Which American supermodel won 'Model of the Year' at the 2022 Fashion Awards? Bella Hadid
58%
Which Brazilian supermodel was given the title "übermodel?" Gisele Bündchen
58%
Which American model has been the highest-paid model globally since 2017? Kendall Jenner
58%
Which brand released a controversial shoe collab featuring Crocs with high heels? Balenciaga
52%
Which European luxury conglomerate owns brands such as Louis Vuitton and Givenchy? LVMH
46%
What term refers to expensive/exclusive high fashion? Haute Couture
40%
No matching quizzes found
Score Distribution
Percent of People with Each Score
Percentile by Number Answered
Your Score History
You have not taken this quiz